000
00340nam a22001457a 4500
999
_c
9317
_d
9317
003
OSt
008
201120b ||||| |||| 00| 0 eng d
100
_a
Deitel, Harvey M etc
245
_a
Operating Systems
250
_a
3th ed
260
_a
New Delhi
_b
Pearson
_c
2019
300
_a
1209
650
_a
B.Sc Computer Science
942
_2
ddc
_c
BK